| 000 | 00712nam a2200157 i 4500 | ||
|---|---|---|---|
| 001 | 63443 | ||
| 003 | ES-MaACL | ||
| 007 | t| | ||
| 008 | 031210m19771986sp ||||1| spa d | ||
| 100 | 1 |
_aFerrer Benimeli, José A. _950445 |
|
| 245 | 1 | 0 |
_aMasonería, iglesia e ilustración _b: un conflicto ideológico-político-religioso / _cJosé Antonio Ferrer Benimeli. |
| 260 |
_aMadrid : _bFundación Universitaria Española, _c1977-86. |
||
| 300 |
_a4 v. ; _c21 cm. |
||
| 505 | 8 | _aContiene: T. I: Las bases del conflicto. -- T. II: Inquisición : proceso histórico. -- T: III Institucionalización del conflicto. T. IV: La otra cara del conflicto. Conclusiones y bibliografía | |
| 852 |
_aES-MaACL _jG-15512-5 _bR.107718 |
||
| 999 |
_c63443 _d63443 |
||